[Event "Vlissingen HZ op 19th"]
[Site "Vlissingen"]
[Date "2015.08.05"]
[Round "6"]
[White "Van Foreest, Jorden"]
[Black "Erwich, Frank"]
[Result "1/2-1/2"]
[WhiteElo "2519"]
[BlackElo "2358"]
[PlyCount "123"]
[EventDate "2015.08.01"]
[EventType "swiss"]
[EventRounds "9"]
[EventCountry "NED"]
[SourceTitle "CBM 167 Extra"]
[Source "ChessBase"]
[SourceDate "2015.09.14"]
[SourceVersion "1"]
[SourceVersionDate "2015.09.14"]
[SourceQuality "1"]

1. e4 e5 2. Nf3 Nc6 3. Bc4 Nf6 4. Ng5 d5 5. exd5 Na5 6. Bb5+ c6 7. dxc6 bxc6 8. Bd3 Nd5 9. Nf3 Bd6 10. 0-0 Nf4 11. Nc3 Nxd3 12. cxd3 0-0 13. Ne4 c5 14. b3 Nc6 15. Ba3 Nb4 16. Bxb4 cxb4 17. Re1 f6 18. d4 exd4 19. Qc2 Bb7 20. Qc4+ Rf7 21. Nxd6 Qxd6 22. Nxd4 Qd5 23. Qxd5 Bxd5 24. Rac1 Rd7 25. Nf5 Kf7 26. Rc5 Be6 27. h4 Bxf5 28. Rxf5 a5 29. Re2 a4 30. Rb5 axb3 31. axb3 Ra1+ 32. Kh2 Rd1 33. Rxb4 R1xd2 34. Rxd2 Rxd2 35. Kg3 h5 36. Rb8 Rb2 37. b4 Kg6 38. b5 Kf5 39. b6 Rb3+ 40. f3 Rb2 41. Rb7 Rb4 42. Kf2 Rb2+ 43. Kg1 Rb1+ 44. Kh2 Rb2 45. Kh3 Rb3 46. Kg3 Rb4 47. Kf2 Rb2+ 48. Ke3 Rxg2 49. Rf7 Rb2 50. b7 g5 51. hxg5 Kxg5 52. Kd4 h4 53. Kd5 Kg6 54. Re7 h3 55. Kc6 h2 56. Re1 Rc2+ 57. Kd7 Rb2 58. Kc7 Rc2+ 59. Kb6 Rb2+ 60. Ka7 Ra2+ 61. Kb8 Kf5 62. Rh1 1/2-1/2

[Event "Leiden op-A 9th"]
[Site "Leiden"]
[Date "2015.07.20"]
[Round "4"]
[White "Erwich, Frank"]
[Black "Postny, Evgeny"]
[Result "0-1"]
[WhiteElo "2361"]
[BlackElo "2642"]
[PlyCount "80"]
[EventDate "2015.07.17"]
[EventType "swiss"]
[EventRounds "9"]
[EventCountry "NED"]
[SourceTitle "CBM 167 Extra"]
[Source "ChessBase"]
[SourceDate "2015.09.14"]
[SourceVersion "1"]
[SourceVersionDate "2015.09.14"]
[SourceQuality "1"]

1. e4 c6 2. c4 d5 3. exd5 Nf6 4. Nc3 cxd5 5. cxd5 Nxd5 6. Nf3 Nc6 7. d4 Be6 8. Ng5 Qb6 9. Nxe6 fxe6 10. Be2 g6 11. 0-0 Bg7 12. Bg4 Nxd4 13. Qa4+ Qc6 14. Qxc6+ bxc6 15. Bd2 Rb8 16. Na4 h5 17. Bd1 Kf7 18. Rc1 Rhd8 19. Re1 Nb4 20. Bxb4 Rxb4 21. a3 Rb5 22. Be2 Ra5 23. Bd1 Rf5 24. Nc5 a5 25. Rc4 Rb8 26. b4 axb4 27. axb4 Ra8 28. Nb3 Rf4 29. Rc5 Ra2 30. Nc1 Rd2 31. Rf1 Nf5 32. Nb3 Rb2 33. Rxc6 Rxb4 34. Nc5 Nd4 35. Ra6 Rb1 36. Ra4 R4b2 37. Ne4 Rc1 38. Ng5+ Kg8 39. Ra8+ Bf8 40. Nf3 Rbb1 0-1

[Event "NED-chT 1415"]
[Site "Netherlands"]
[Date "2015.03.07"]
[Round "6.9"]
[White "Erwich, Frank"]
[Black "Van Wessel, Rudy"]
[Result "0-1"]
[WhiteElo "2311"]
[BlackElo "2397"]
[PlyCount "90"]
[EventDate "2014.09.27"]
[EventType "team-tourn"]
[EventRounds "9"]
[EventCountry "NED"]
[SourceTitle "EXT 2016"]
[Source "ChessBase"]
[SourceDate "2015.10.08"]
[SourceVersion "1"]
[SourceVersionDate "2015.10.08"]
[SourceQuality "1"]
[WhiteTeam "BSG"]
[BlackTeam "Leiden LSG"]
[WhiteTeamCountry "NED"]
[BlackTeamCountry "NED"]

1. e4 e5 2. Nf3 Nc6 3. d4 exd4 4. Nxd4 Bc5 5. Nb3 Bb4+ 6. Nc3 Bxc3+ 7. bxc3 Nf6 8. Bd3 0-0 9. 0-0 Re8 10. Bg5 h6 11. Bh4 g5 12. Bg3 d6 13. f4 Bg4 14. Qe1 Nd7 15. Qf2 Qf6 16. Rae1 Bh5 17. Qd2 Qg7 18. Bb5 Bg6 19. f5 Bh7 20. Bxc6 bxc6 21. Nd4 Ne5 22. Kh1 c5 23. Nb5 f6 24. Qd5+ Kh8 25. Bxe5 fxe5 26. f6 Qd7 27. f7 Rf8 28. Nxc7 Qxc7 29. Qe6 Qd8 30. Rf6 Rb8 31. Rxh6 Kg7 32. Rf1 Bxe4 33. h4 Rb7 34. h5 Rfxf7 35. Rg6+ Bxg6 36. Qxg6+ Kf8 37. Qh6+ Kg8 38. Qg6+ Kf8 39. Qh6+ Kg8 40. Qg6+ Rg7 41. Qe6+ Kh7 42. Rf6 Kh8 43. Qf5 Qd7 44. h6 Rg8 45. Re6 Qf7 0-1